书目信息 |
| 题名: |
老年流行病学
|
|
| 作者: | 范炤 编著 | |
| 分册: | ||
| 出版信息: | 北京 科学出版社 2018.12 |
|
| 页数: | 198页 | |
| 开本: | 24cm | |
| 丛书名: | ||
| 单 册: | ||
| 中图分类: | R181.3 , R592 | |
| 科图分类: | ||
| 主题词: | 老年病学--lao nian bing xue--流行病学 | |
| 电子资源: | ||
| ISBN: | 978-7-03-060128-5 | |
| 000 | 00871nam0 2200241 450 | |
| 001 | 1947594413 | |
| 005 | 20190125144959.7 | |
| 010 | @a978-7-03-060128-5@dCNY 68.00 | |
| 100 | @a20190124d2018 em y0chiy50 ea | |
| 101 | 0 | @achi |
| 102 | @aCN@b110000 | |
| 105 | @ay a 000yy | |
| 200 | 1 | @a老年流行病学@Alao nian liu xing bing xue@f范炤编著 |
| 210 | @a北京@c科学出版社@d2018.12 | |
| 215 | @a198页@d24cm | |
| 320 | @a有书目 (第198页) | |
| 330 | @a本书介绍了老年流行病学产生的背景、研究的范围、老年流行病学常用指标、老年人生活质量与评价方法、老年期生理心理变化, 以及高血压、冠心病、脑血管病、糖尿病、老年性痴呆、肿瘤等老年流行病学的临床特点、分布特征、危险因素及干预。 | |
| 606 | 0 | @a老年病学@Alao nian bing xue@x流行病学 |
| 690 | @aR181.3@v5 | |
| 690 | @aR592@v5 | |
| 701 | 0 | @a范炤@Afan zhao@4编著 |
| 801 | 0 | @aCN@b人天书店@c20190124 |
| 905 | @aBZT@dR181.3@e2 | |
| 老年流行病学/范炤编著.-北京:科学出版社,2018.12 |
| 198页;24cm |
| ISBN 978-7-03-060128-5:CNY 68.00 |
| 本书介绍了老年流行病学产生的背景、研究的范围、老年流行病学常用指标、老年人生活质量与评价方法、老年期生理心理变化, 以及高血压、冠心病、脑血管病、糖尿病、老年性痴呆、肿瘤等老年流行病学的临床特点、分布特征、危险因素及干预。 |
| ● |
| 相关链接 |
|
|
|
正题名:老年流行病学
索取号:R181.3/2
 
预约/预借
| 序号 | 登录号 | 条形码 | 馆藏地/架位号 | 状态 | 备注 |
| 1 | 862355 | 2000862355 | 第二书库/ [索取号:R181.3/2] | 在馆 | |
| 2 | 862356 | 2000862356 | 第二书库/ [索取号:R181.3/2] | 在馆 | |
| 3 | 862357 | 2000862357 | 第二书库/ [索取号:R181.3/2] | 在馆 |